| 000 | 01076nam a22002057a 4500 | ||
|---|---|---|---|
| 005 | 20260122160542.0 | ||
| 008 | 230713b ||||| |||| 00| 0 eng d | ||
| 040 |
_cSSBUL _dSSBUL |
||
| 082 |
_223 _a၉၅၉.၁၁ မဲ ၁၅၉၉၈ (S-SAT) |
||
| 100 |
_aမဲဇာ။ _927938 |
||
| 245 |
_aကချင်ရိုးရာ သုတပဒေသာ / _cမဲဇာ။ |
||
| 250 | _aဒုတိယအကြိမ်။ | ||
| 260 |
_aရန်ကုန်၊ _bမိုးကြည်စာပေ၊ _c၁၉၉၆။ |
||
| 300 |
_a၁၈၂ စာမျက်နှာ၊ _bရုပ်ပုံများ၊ _c၁၈ စင်တီ။ |
||
| 500 | _aS-SAT: Dr. Prof Sai Aung Tun | ||
| 650 |
_aကချင်တိုင်းရင်းသား _xယဉ်ကျေးမှုနှင့်ဓလေ့ထုံးစံ။ _927939 |
||
| 651 |
_aကချင်ပြည်နယ်။ _927940 |
||
| 651 |
_aမြန်မာနိုင်ငံ _xယဉ်ကျေးမှုနှင့် ဓလေ့ထုံးစံ။ _927941 |
||
| 942 |
_2ddc _cBK1 |
||
| 999 |
_c27170 _d27170 |
||